000 00661nam a22002177a 4500
003 UA-OsUOA
001 55605
007 ta
008 20080917b un ||||| |||| 00| 0 ukr d
100 _aЧайка І.
090 _a94(477)
_bЧ-12
942 _cSA
040 _aUA-OsUOA
_bukr
_cUA-OsUOA
_dUA-OsUOA
245 _a"Червоноармійців ненавидять, як собак"... Антибільшовицьке повстання Леонтія Христового
300 _aС.8
955 _a0
041 _aukr
080 _a94(477)
773 0 _w55604
650 7 _a9 Географія. Біографії. Історія
_2UDC
999 _c341682
_d341682